| 000 | 00961nam a2200301Ia 4500 | ||
|---|---|---|---|
| 001 | Para_9846 | ||
| 003 | CHAP | ||
| 008 | 220125s2004 xx 000 0 und d | ||
| 010 | _a208511 | ||
| 020 | _a978 - 1 - 4020 - 1413 - 0 | ||
| 040 | _cCHAP | ||
| 082 | _aPA 595.7 M43 | ||
| 245 |
_aMedical entomology : _b a textbook on public health and veterinary problems caused by arthropods / _c Bruce F. Eldridge, John D. Edman, editores |
||
| 260 |
_aDordrecht; Boston : _b Kluwer Academic Publishers |
||
| 300 | _a659 p. | ||
| 500 | _aIncluye referencias bibliográficas e índice | ||
| 650 |
_aEntomología _937113 |
||
| 650 | 0 |
_aInsectos _xPatogenicidad _9174947 |
|
| 700 |
_aEdman, Jhon D., ed. _9174948 |
||
| 700 |
_aEldridge, Bruce F., ed. _9174949 |
||
| 901 | _aPA 595.7 M43 | ||
| 902 | _aM | ||
| 905 | _a5232202004an an 8000000300 00 | ||
| 910 | _a2004 | ||
| 942 | _cPARA | ||
| 942 |
_cPARA _d1 |
||
| 999 |
_c208511 _d208511 |
||